Текст томруулах:    
The History of Central Asia (Бичлэгийн дугаар. 144501)
000 -УДИРДЛАГА
Удирдлага 02429nam a22003857a 4500
003 - ХЯНАЛТЫН ТОО ТОДОРХОЙЛОГЧ
Код MN-UlNUM
005 - БИЧИЛТ ХИЙСЭН ОГНОО
Тухайн бичилтийг бичсэн засварласан сүүлийн огноо 20251003150823.0
008 - ЕРӨНХИЙ МЭДЭЭЛЭЛ
Ерөнхий мэдээлэл 251002s2025 nyuo|||| |||| 00| | eng d
020 ## - ISBN
ISBN 9781784534905
-- 9781838609405
-- 9781838609399
040 ## - БИЧЛЭГ ҮҮСГЭГЧ БАЙГУУЛЛАГА
Бичлэг үүсгэгч номын сангийн код МУИС-ийн номын сан
084 ## - ББК АНГИЛАЛ
Нэмэлт тусгалт Нэг сэдэвт бүтээл
ББК ангилал 63.3(54)
Мэдлэгийн ялгаа 63 - Түүх
Зохиогчийн гурван тэмдэгт B 31
100 ## - ЗОХИОГЧ
Зохиогчийн нэр Baumer Christoph
240 ## - Шифр - Номын наалт, тайланд хэрэглэх
Ангилалын дугаар /Зохиогчийн 3 тэмдэгт 63.3(54) B 31
245 ## - ҮНДСЭН ГАРЧИГ
Номын нэр The History of Central Asia
Бага гарчгийн мэдээ The Age of Islam and the Mongols
Оролцогчдын тухай мэдээ Translated by Martina Dervis, Dafydd Roberts
-- Designed by Christopher Bromley
Ботийн дугаар Vol. 3
260 ## - ГАРАЛТЫН МЭДЭЭ
Хэвлэгдсэн газар I.B. Tauris
Хэвлэлийн газар NY
Хэвлэгдсэн он 2025
300 ## - МАТЕРИАЛЫН ТОДОРХОЙЛОЛТ
хуудасны тоо 382
500 ## - Тайлбар
Дансны дугаар ГФ 20850
505 ## - Агуулгын тэмдэглэгээ
Агуулгын тэмдэглэгээ Between the ninth and the fifteenth centuries, Central Asia was a major political, economic and cultural hub on the Eurasian continent. In the first half of the thirteenth century it was also the pre-eminent centre of power in the largest land-based empire the world has ever seen. This third volume of Christoph Baumer's extensively praised and lavishly illustrated new history of the region is above all a story of invasion, when tumultuous and often brutal conquest profoundly shaped the later history of the globe. The author explores the rise of Islam and the remarkable victories of the Arab armies which - inspired by their vital, austere and egalitarian desert faith - established important new dynasties like the Seljuks, Karakhanids and Ghaznavids. A golden age of artistic, literary and scientific innovation came to a sudden end when, between 1219 and 1260, Genghiz Khan and his successors overran the Chorasmian-Abbasid lands. Dr Baumer shows that the Mongol conquests, while shattering to their enemies, nevertheless resulted in much greater mercantile and cultural contact between Central Asia and Western Europe.
546 ## - ХЭЛНИЙ ТУХАЙ МЭДЭЭ
Хэл Англи хэл дээр,
653 ## - Түлхүүр үг
Түлхүүр үг history
653 ## - Түлхүүр үг
Түлхүүр үг Central Asia
653 ## - Түлхүүр үг
Түлхүүр үг Mongol Empire
653 ## - Түлхүүр үг
Түлхүүр үг Mongol Khanates
740 ## - НОМЫН ГАРЧИГ
Гарчиг Iranian-Muslim Dynasties in South-West Central Asia
740 ## - НОМЫН ГАРЧИГ
Гарчиг Central Asian Pioneers of Islamic Philosophy and Sciences
740 ## - НОМЫН ГАРЧИГ
Гарчиг The second Turkic Migrations to the West
740 ## - НОМЫН ГАРЧИГ
Гарчиг Turco-Muslim Dynasties in Southern Central Asia
740 ## - НОМЫН ГАРЧИГ
Гарчиг Buddhist States of the Liao, Qara Khitai and Tanguts
740 ## - НОМЫН ГАРЧИГ
Гарчиг The Rise of the Mongols
740 ## - НОМЫН ГАРЧИГ
Гарчиг The United Mongol Empire
740 ## - НОМЫН ГАРЧИГ
Гарчиг The independent Khanates
740 ## - НОМЫН ГАРЧИГ
Гарчиг Timur-e Lang and the Timurids
942 ## - ЭЛЕМЕНТИЙН ТӨРӨЛ
Зүйлийн төрөл Ном